000 002800000a22001330004500
003 MACL
040 _aMACL
090 _c39485
_d39483
100 _aBalzac, H De
245 _aThe Lily of The Valley
260 _bThe Macmillan Company
650 _aNovel
942 _cBOOK
_k823/BAL
999 _c39054
_d39054